| 000 | 01558nam a2200313 a 4500 | ||
|---|---|---|---|
| 001 | |||
| 003 | DO-SdBNP | ||
| 005 | 20220117124557.0 | ||
| 008 | 101006s2017 dr 001 0 spa d | ||
| 020 | _a9789945168129 | ||
| 040 |
_aDO-SdBNP _bspa _cBPMSU |
||
| 082 |
_a302 _bM516p 2017 _222 |
||
| 100 | 1 |
_a Mejía-Ricart G., Tirso, _d1936-2021 _q(Mejía-Ricart Guzmán) |
|
| 245 | 1 | 0 |
_aPsicología social y sus aplicaciones / _cTirso Mejía Ricart. _b |
| 250 | _a6a. ed. | ||
| 260 |
_aSanto Domingo : _bFundación Mejía Ricart-Guzmán Boom, _c2017 |
||
| 300 |
_av. ; _c23 cm. |
||
| 490 | 0 |
_aTextos básicos; _v5 |
|
| 500 | _aIncluye índice | ||
| 500 | _aIncluye índice | ||
| 505 | 0 |
_gv.1 _tPsicología social básica -- _tLas bases de la psicología básica -- _tLas actitudes y los procesos psicosociales -- _tLa conducta colectiva -- _tConducta desviada y problemas sociales -- _tEl comportamiento desviado -- _tDesviaciones que afectan primariamente a los individuos -- _tDesviaciones que afectan fundamentalmente el orden familiar -- _tDesviciones que afectan directamente a la comunidad -- _tPsicología social aplicada -- _tPerspectivas y recursos de la psicologia social aplicada -- _tLa psicología social aplicada a los servicios sociales y a las artes -- _tPsicologia aplicada a la vida economica -- _tLa psicologia politica y juridica -- |
|
| 590 | _aInventariado, 2022/VM | ||
| 650 | 4 | _aPsicología social | |
| 650 | 4 | _aPsicología aplicada | |
| 650 | 4 | _aActitud (psicología) | |
| 650 | 4 | _aConducta colectiva | |
| 910 | _aVMateo V. | ||
| 942 |
_2ddc _cBK |
||
| 999 |
_c13952 _d13952 |
||